2000s Sitcoms Quiz Stats

 Plays Quiz Updated Dec 7, 2018

Support Sporcle.
Go Orange.
Score 0/25 Timer 05:00
2 Plays Today
Sitcom % Correct
Family Guy
97.9%
Scrubs
92.1%
How I Met Your Mother
91.6%
The Office
91%
Two and a Half Men
90.3%
The Big Bang Theory
89.8%
30 Rock
89%
Futurama
82.2%
Malcolm in the Middle
81%
That 70s Show
77%
My Name is Earl
76.1%
Parks and Recreation
72%
Its Always Sunny in Philadelphia
63.8%
Sitcom % Correct
Community
56.6%
Arrested Development
55.8%
George Lopez
55.4%
Curb Your Enthusiasm
54.3%
Weeds
51.7%
Everybody Hates Chris
50.3%
8 Simple Rules
46.5%
The New Adventures of Old Christine
46%
According to Jim
42.8%
My Wife and Kids
40.1%
Rules of Engagement
33%
Becker
28%

From the Vault

Icons Unmasked

by Rackie

These characters are not always what they seem.
Remove Ads.
Support Sporcle.
Get the best of Sporcle when you Go Orange. This ad-free experience offers more features, more stats, and more fun while also helping to support Sporcle. Thank you for becoming a member.

Show Comments

Extras

Top Quizzes Today


Score Distribution

Your Account Isn't Verified!

In order to create a playlist on Sporcle, you need to verify the email address you used during registration. Go to your Sporcle Settings to finish the process.

Report this User

Report this user for behavior that violates our Community Guidelines.

Details: